000 00416nam a22001577a 4500
020 _a978935121527-1
082 _a823
_bBRO/W
100 _aBRONTE,EMILY
245 _aWUTHERING HEIGHTS
_bILLUSTRATED CLASSICS
246 _aWUTHERING HEIGHTS
_bILLUSTRATED CLASSICS
260 _aNEW DELHI
_bBPI INDIA PVT LTD
_c2017
300 _a144
520 _aILLUSTRATED CLASSICS
650 _aILLUSTRATED CLASSICS
942 _cBK
999 _c2824
_d2824